000 00951nam a2200229Ia 4500
003 OSt
005 20251021120239.0
008 220922b |||||||| |||| 00| 0 hin d
037 _cTB
040 _aARTS
_cARTS
_bhin
041 _2hin
_ahin
084 _aO1520v5,1:g K3
_qAL
100 _aकाले, मनोहर
_9848892
245 0 _aआधुनिक हिन्दी मराठी में काव्य शास्त्रीय अध्ययन (सन् 1900 से 1960 तक)
246 _aĀdhunik hindī marāṭhī mean kāvya shāstrīya adhyayan (san 1900 se 1960 taka)
260 _aबंबई:
_bहिंदी ग्रंथ रत्नाकर,
_c1963.
300 _a692पृ.
650 _aहिन्दी साहित्य
_9156264
650 _aमराठी
_9848893
942 _hO1520v5,1:g K3
_cTB
_2CC
_n0
999 _c310257
_d310257